| 000 | 00818nam a22002417a 4500 | ||
|---|---|---|---|
| 005 | 20260316160218.0 | ||
| 008 | 250325b |||||||| |||| 00| 0 eng d | ||
| 020 | _a9788119415496 | ||
| 037 | _cTB | ||
| 040 |
_aLCT _cLCT |
||
| 041 |
_2hin _ahin |
||
| 084 | _a Z2,75,15 R4 | ||
| 100 |
_aBabel, Basanti Lal _91132200 |
||
| 245 |
_aBharatiya Nagarik Suraksha Sanhita, 2023 =भारतीय नागरिक सुरक्षा संहिता 2023 _h(Hindi)/ |
||
| 250 | _a22nd ed. | ||
| 260 |
_aPrayagraj, India: _bCentral Law Publication, _c2024 |
||
| 300 | _axc, 696p. | ||
| 650 |
_aBharatiya Nagarik Suraksha Sanhita _9747526 |
||
| 650 |
_aBNSS _9747527 |
||
| 650 | _aLaw | ||
| 650 |
_a Criminal procedure India _9734922 |
||
| 942 |
_2CC _cTB _h Z2,75,15 R4 _n0 |
||
| 999 |
_c1269241 _d1269241 |
||